Normal view
MARC view
Entry Personal Name
001 - CONTROL NUMBER
- control field: 874073
003 - CONTROL NUMBER IDENTIFIER
- control field: OSt
005 - DATE AND TIME OF LATEST TRANSACTION
- control field: 20260114185747.0
008 - FIXED-LENGTH DATA ELEMENTS
- fixed length control field: 260114|| aca||aabn | a|a d
040 ## - CATALOGING SOURCE
- Original cataloging agency: OSt
- Transcribing agency: OSt
100 ## - HEADING--PERSONAL NAME
- Personal name: Isabelle de le Court
670 ## - SOURCE DATA FOUND
- Source citation: Work cat.: (OSt)1473009: Isabelle de le Court, Post-Traumatic Art in the City Between War and Cultural Memory in Sarajevo and Beirut, 2020
